书目信息 |
| 题名: |
高考英语第一时间 模拟试题经典
|
|
| 作者: | 刘涛 主编 | |
| 分册: | ||
| 出版信息: | 北京 外语教学与研究出版社 2004.03 |
|
| 页数: | 235页 | |
| 开本: | 20cm | |
| 丛书名: | ||
| 单 册: | ||
| 中图分类: | H319.4 | |
| 科图分类: | ||
| 主题词: | 英语 | |
| 电子资源: | ||
| ISBN: | 7-5600-3605-8 | |
| 000 | 00602nam0 2200205 450 | |
| 001 | 0535828901 | |
| 005 | 20050514095850.46 | |
| 010 | @a7-5600-3605-8@d16.00CNY | |
| 100 | @a20050514d2004 km y0chiy0120 ea | |
| 101 | 0 | @achi |
| 102 | @aCN@b110000 | |
| 200 | 1 | @a高考英语第一时间 模拟试题经典@Agao kao ying yu di yi shi jian mo ni shi ti jing dian@f刘涛主编@Fliu tao zhu bian |
| 210 | @a北京@c外语教学与研究出版社@d2004.03 | |
| 215 | @a235页@d20cm | |
| 606 | 0 | @a英语 |
| 690 | @aH319.4@v4 | |
| 700 | 0 | @4主编 |
| 701 | 0 | @a刘涛@Aliu tao@4主编 |
| 801 | 0 | @aCN@bPFT@c20050514 |
| 905 | @a10447@dH319.4@eL686 | |
| 高考英语第一时间 模拟试题经典/刘涛主编.-北京:外语教学与研究出版社,2004.03 |
| 235页;20cm |
| ISBN 7-5600-3605-8:16.00CNY |
| ● |
| 相关链接 |
|
|
|
正题名:高考英语第一时间 模拟试题经典
索取号:H319.4/L686
 
预约/预借
| 序号 | 登录号 | 条形码 | 馆藏地/架位号 | 状态 | 备注 |
| 1 | 532110 | 205321105 | 语言库209/209语言库 16排2列6层/ [索取号:H319.4/L686] | 在馆 | |
| 2 | 532111 | 205321114 | 语言库209/209语言库 16排2列6层/ [索取号:H319.4/L686] | 在馆 | |
| 3 | 532112 | 205321123 | 语言库209/209语言库 16排2列6层/ [索取号:H319.4/L686] | 在馆 |